Normal view
MARC view
- Paul Eisler
Entry Personal Name
001 - CONTROL NUMBER
- control field: 104004
003 - CONTROL NUMBER IDENTIFIER
- control field: NUST
005 - DATE AND TIME OF LATEST TRANSACTION
- control field: 20221202115606.0
008 - FIXED-LENGTH DATA ELEMENTS
- fixed length control field: 221202|| aca||aabn | a|a d
040 ## - CATALOGING SOURCE
- Original cataloging agency: NUST
- Transcribing agency: NUST
100 ## - HEADING--PERSONAL NAME
- Personal name: Paul Eisler
670 ## - SOURCE DATA FOUND
- Source citation: Work cat.: (NUST)193556: Paul Eisler, The Technology of Printed Circuits :, 1959
